00716nam a22002057a 450000500170000001000150001702000270003203500140005903700130007308200140008610000290010024501560012925000170028526000300030227000850033230000260041749000310044350000190047470000170049320230406111915.0 aENG-121144 c1695.00a9788131252543 aEN-104676 bDBAD/PUB a346.54078 aMulla, Dinshah Fardunji,00aMulla on the law of insolvency in India :cBy Dinshaw Fardunji MullabOn the presidency insolvency act, 1909 and the provincial insolvency act, 1920 /  a6th edition  aGurgaonbLexisNexisc2017 a14th floor, Building No 10, Tower-B, DLF Cyber City, Phase-II ,bGurgaone122002 acxi,970p.;c25cm(hbk) aTagore law lectures ; 1929 aIncludes index a Aparna Ravi